Statistics for Countries Closest to Russia - 15 Second Sprint

Click here to take the quiz!

General Stats

  • This quiz has been taken 59 times
  • The average score is 7 of 20

Answer Stats

kmcountry% Correct
0China
71%
0Finland
71%
0Estonia
61%
0Norway
58%
0Latvia
55%
0Mongolia
52%
0Ukraine
52%
0Lithuania
42%
0Belarus
35%
0Poland
35%
0Georgia
32%
208Sweden
32%
0North Korea
29%
0Kazakhstan
23%
110Armenia
19%
43Japan
13%
136Turkey
10%
4United States
10%
0Azerbaijan
6%
165Iran
3%

Score Distribution

Percentile by Number Answered

Percent of People with Each Score

Your Score History

You have not taken this quiz